000 00646nam a22002057a 4500
999 _c686
_d686
003 AR-CdUCM
008 190225b ||||| |||| 00| 0 esp d
040 _aMUNICIPALIDAD PROVINCIAL DEL CUSCO
_cBIBLIOTECA MUNICIPAL DEL CUSCO
082 _a320.94 /
_bC22
100 _aCAMILLI,ERNESTO.
_92651
245 _aLos nombres de las cosas :
260 _aArgentina
_bKapelusz
_c1962
300 _a75 paginas ;
_c20cm.
505 _aPoesías seleccionadas -- Sistematizacion de ejercicios -- Logrado en clases.
650 _aTanteos.
_92652
650 _aMétodo.
_91191
650 _aPoesias.
_92556
942 _2ddc
_cLIBROS
945 _aacrt
_d2019-02-25